| 000 | nam a22 7a 4500 | ||
|---|---|---|---|
| 999 |
_c129005 _d129005 |
||
| 008 | 190214b xxu||||| |||| 00| 0 eng d | ||
| 050 | _aBX3756.I3 1963 | ||
| 100 |
_aIgnatius, St. _938485 |
||
| 245 |
_aObras completas de san Ignacio de Loyola _cIgnatuius, St. |
||
| 260 |
_aMadrid _bBiblica de Autores Cristianos _c1963 |
||
| 300 |
_a1021p. ; _c20cm. |
||
| 700 |
_aIparraguirre, Ignacio (ed.) _944650 |
||
| 942 |
_2lcc _cMONOGRAPH |
||